Presidentes de Argentina - Estadísticas

Estadísticas generales
  • Esta prueba ha sido intentada 97 veces
    96 desde el último reinicio
  • La puntuación promedio es 35 de 56
Estadísticas de respuestas
Años de mandato Presidentes % Correcto
2011-2015 Cristina Fernández de Kirchner
99%
2007-2011 Cristina Fernández de Kirchner
99%
2023-2027 Javier Gerardo Milei
99%
1973-1974 Juan Domingo Perón
97%
1952-1955 Juan Domingo Perón
97%
1946-1952 Juan Domingo Perón
97%
2003-2007 Néstor Carlos Kirchner
96%
2019-2023 Alberto Ángel Fernández
94%
2015-2019 Mauricio Macri
93%
1976-1981 Jorge Rafael Videla
90%
1995-1999 Carlos Saúl Menem
87%
1989-1995 Carlos Saúl Menem
87%
1999-2001 Fernando de la Rúa
87%
1983-1989 Raúl Ricardo Alfonsín
84%
2002-2003 Eduardo Alberto Duhalde
77%
1928-1930 Juan Hipólito del Sagrado Corazón de Jesús Yrigoyen
74%
1916-1922 Juan Hipólito del Sagrado Corazón de Jesús Yrigoyen
74%
1898-1904 Alejo Julio Argentino Roca
72%
1880-1886 Alejo Julio Argentino Roca
72%
1868-1874 Domingo Faustino Sarmiento
70%
1981-1982 Leopoldo Fortunato Galtieri
70%
1973 Héctor José Cámpora
68%
1862-1868 Bartolomé Mitre
65%
1861-1862 Bartolomé Mitre
65%
2001 Adolfo Rodríguez Saá
64%
1974-1976 María Estela Martínez Cartas de Perón
62%
1963-1966 Arturo Umberto Illia
61%
1930-1932 José Félix Benito Uriburu
59%
1895-1898 José Félix Evaristo Uriburu
59%
1966-1970 Juan Carlos Onganía
59%
1892-1895 Luis Sáenz Peña
59%
1981 Roberto Eduardo Viola
59%
1874-1880 Nicolás Remigio Aurelio Avellaneda
58%
1955-1958 Pedro Eugenio Aramburu
58%
1958-1962 Arturo Frondizi
57%
1854-1860 Justo José de Urquiza
57%
1922-1928 Marcelo Torcuato de Alvear
52%
1971-1973 Alejandro Agustín Lanusse
51%
1982-1983 Reynaldo Benito Antonio Bignone
46%
1890-1892 Carlos Enrique José Pellegrini
45%
1944-1946 Edelmiro Julián Farrell
45%
1914-1916 Victorino de la Plaza
45%
1962-1963 José María Guido
43%
1886-1890 Miguel Ángel Juárez Celman
43%
1942-1943 Ramón Antonio Castillo
43%
1932-1938 Agustín Pedro Justo
42%
1955 Eduardo Ernesto Lonardi
42%
1973 Raúl Alberto Lastiri
42%
1938-1942 Jaime Gerardo Roberto Marcelino María Ortiz
39%
1943-1944 Pedro Pablo Ramírez
39%
1970-1971 Roberto Marcelo Levingston
39%
1861 Juan Esteban Pedernera
38%
1860-1861 Santiago Rafael Luis Manuel José María Derqui
38%
1906-1910 José María Cornelio del Corazón de Jesús Figueroa Alcorta
36%
1904-1906 Manuel Pedro Quintana
36%
1910-1914 Roque José Antonio del Sagrado Corazón de Jesús Sáenz Peña Lahitte
17%
No se encontraron pruebas coincidentes
Distribución de puntuación
Porcentaje de gente con cada puntuación
Porcentaje por número respondido
Historial de tus puntuaciones
No has intentado esta prueba desde el último reinicio